000 00709nam a2200193 a 4500
001 000031867
003 DO-SdBNP
005 20250205101739.0
007 ta
008 110707s1994 dr a 000 0 spa d
040 _aDO-SdBNP
_bspa
_cB NPHU
049 _aBNPD
111 1 _aCongreso Nacional de Padres, Madres y Amigos de la Escuela
_c(Santo Domingo
_d1994
_n3-5 de marzo )
_958079
245 1 0 _aMensaje del honorable señor presidente de la República Dr. Joaguín Balaguer.
260 _aSanto Domingo :
_bPlan decenal de educación,
_c1994.
300 _a44 p. :
_bil. ;
_c28 cm.
710 1 _aRepública Dominicana.
_bSecretaría de Estado de Educación, Bellas Artes y Cultos
_923965
942 _2ddc
_cLBS1
999 _c31359
_d31359